Improving trade policy reviews in the World Trade Organization / (Record no. 43526)

MARC details
000 -LEADER
campo de control de longitud fija 00634nam a2200193 4500
001 - NÚMERO DE CONTROL
campo de control 23628
005 - FECHA Y HORA DE LA ÚLTIMA TRANSACCIÓN
campo de control 20230410115544.0
008 - DATOS DE LONGITUD FIJA--INFORMACIÓN GENERAL
campo de control de longitud fija 060907n1998 dr spa
020 ## - NÚMERO INTERNACIONAL ESTÁNDAR DEL LIBRO
Número Internacional Estándar del Libro 0881322512
035 ## - NÚMERO DE CONTROL DEL SISTEMA
-- funglode23796
041 ## - CÓDIGO DE IDIOMA
Código de lengua del texto/banda sonora o título independiente EN
050 14 - SIGNATURA TOPOGRÁFICA DE LA BIBLIOTECA DEL CONGRESO
Número de clasificación HF 1411 K26i 1998
100 ## - ENTRADA PRINCIPAL--NOMBRE DE PERSONA
Nombre de persona Keesing, Donald B.
245 1# - MENCIÓN DEL TÍTULO
Título Improving trade policy reviews in the World Trade Organization /
Mención de responsabilidad, etc. Donald B. Keesing
260 ## - PUBLICACIÓN, DISTRIBUCIÓN, ETC.
Lugar de publicación, distribución, etc. Wsahington :
Nombre del editor, distribuidor, etc. Institute for Internationa Economics,
Fecha de publicación, distribución, etc. 1998
300 ## - DESCRIPCIÓN FÍSICA
Extensión xi, 80 p.
440 ## - MENCIÓN DE SERIE/PUNTO DE ACCESO ADICIONAL--TÍTULO
Título Policy Analyses in International Economics ;
Designación de volumen o secuencia 52
942 ## - ELEMENTOS DE ENTRADA SECUNDARIOS (KOHA)
Fuente del sistema de clasificación o colocación Clasificación de Library of Congress
Tipo de ítem Koha
Holdings
Estatus retirado Estado de pérdida Fuente del sistema de clasificación o colocación Estado de daño No para préstamo Colección Biblioteca de origen Biblioteca actual Ubicación en estantería Fecha de adquisición Serial enumeration / chronology Signatura topográfica completa Código de barras Visto por última vez Tipo de ítem Koha
    Clasificación de Library of Congress     Ciencias Sociales Biblioteca Juan Bosch Biblioteca Juan Bosch Ciencias Sociales (3er. Piso) 24/10/2018 1 HF 1411 K26i 1998 00000024729 24/10/2018